000 00729cam a22002411 4500
001 10265416
005 20180220041442.0
008 750408s1955 nyua b 000 0 eng
010 _a 55001102
015 _aGB55-14862
035 _a(OCoLC)1261572
040 _aDLC
_cOTMC
_dOCoLC
_dUk
_dDLC
041 _aeng
042 _apremarc
080 _a615
082 _a615 GOO
100 1 _a5
101 _aSHF
245 1 4 _aThe pharmacological basis of therapeutics;
_cby Louis S. Goodman and Alfred Gilman.
504 _aIncludes bibliographies.
906 _a7
_bcbc
_coclcrpl
_du
_encip
_f19
_gy-gencatlg
942 _2ddc
_cBK
999 _c42892
_d42892